000 00795nam a22002537a 4500
999 _c308258
_d308258
001 22045
003 UA-OsUOA
005 20200126204712.0
007 ta
008 20031216b un ||||| |||| 00| 0 ukr d
020 _a966-7133-26-5
040 _aUA-OsUOA
_bukr
_cUA-OsUOA
_dUA-OsUOA
041 _aukr
044 _aUA
080 _a796.894(075.8)
090 _a796.894(075.8)
_bО-53
100 _aОлешко В. Г.
245 _aСилові види спорту
_bпідручник для студентів вузів фізичного виховання і спорту
_cред. К. В. Ткаченко, В. Д. Мартин
260 _aКиїв
_bОлімпійська література
_c1999
300 _a288 с.
650 7 _2UDC
942 _cBK
_2udc
955 _a0